[Event "COL-ch Amateur"]
[Site "Villavicencio"]
[Date "2015.02.20"]
[Round "6"]
[White "Mina Grueso, Joni Fernando"]
[Black "Corpus, Eugenio"]
[Result "1-0"]
[WhiteElo "1600"]
[BlackElo "1824"]
[PlyCount "45"]
[EventDate "2015.02.18"]
[EventType "swiss"]
[EventRounds "9"]
[EventCountry "COL"]
[SourceTitle "CBM 165 Extra"]
[Source "ChessBase"]
[SourceDate "2015.04.21"]
[SourceVersion "1"]
[SourceVersionDate "2015.04.21"]
[SourceQuality "1"]

1. e4 e5 2. Nf3 Nc6 3. Bc4 Bc5 4. b4 Bxb4 5. c3 Ba5 6. d4 exd4 7. 0-0 d3 8. Qb3 Qe7 9. Ba3 d6 10. e5 Nxe5 11. Nbd2 Kf8 12. Rae1 f6 13. Nxe5 fxe5 14. f4 Bb6+ 15. Kh1 e4 16. Nxe4 Qh4 17. Bxg8 Rxg8 18. Nxd6 Qh5 19. Nxc8+ Bc5 20. Bxc5+ Qxc5 21. Qe6 Rxc8 22. Qxc8+ Kf7 23. Qe6+ 1-0

[Event "Bogota McGregor op 4th"]
[Site "Bogota"]
[Date "2013.12.06"]
[Round "4"]
[White "Valderrama Quiceno, Esteban Alberto"]
[Black "Corpus, Eugenio"]
[Result "1-0"]
[WhiteElo "2238"]
[BlackElo "1872"]
[PlyCount "117"]
[EventDate "2013.12.04"]
[EventType "swiss"]
[EventRounds "9"]
[EventCountry "COL"]
[SourceTitle "CBM 157 Extra"]
[Source "ChessBase"]
[SourceDate "2013.12.19"]
[SourceVersion "1"]
[SourceVersionDate "2013.12.19"]
[SourceQuality "1"]

1. e4 e5 2. Nf3 Nc6 3. Bc4 Bc5 4. b4 Bxb4 5. c3 Ba5 6. d4 exd4 7. Qb3 Qe7 8. 0-0 Bb6 9. Ba3 d6 10. cxd4 Nxd4 11. Nxd4 Bxd4 12. Nc3 Nf6 13. Rad1 Bxc3 14. Qxc3 Qe5 15. Rd4 c5 16. Rd3 Qxc3 17. Rxc3 Be6 18. Bb5+ Bd7 19. Be2 b6 20. Rg3 Rg8 21. Bb2 0-0-0 22. Ba6+ Kb8 23. e5 Ne4 24. Rd3 Bc6 25. f3 Ng5 26. exd6 f6 27. Bc1 Rge8 28. Bf4 Bd7 29. Kf2 Ne6 30. Be3 f5 31. Rfd1 f4 32. Bc1 g5 33. Bb2 Rc8 34. Bxc8 Rxc8 35. h4 gxh4 36. Rd5 c4 37. Bf6 b5 38. Rh5 Kb7 39. Rxh7 Kc6 40. Bc3 Nc5 41. Rd4 Nd3+ 42. Kf1 a5 43. a4 b4 44. Rxc4+ Kxd6 45. Rd4+ Ke6 46. Rh6+ Ke7 47. Bxb4+ Nxb4 48. Rh7+ Ke6 49. Rhxd7 Ke5 50. Re4+ Kf5 51. Rf7+ Kg5 52. Rfxf4 Rc1+ 53. Ke2 Rc2+ 54. Kd1 Ra2 55. Rxh4 Rxa4 56. Reg4+ Kf5 57. Rh5+ Kf6 58. Rxa5 Rxa5 59. Rxb4 1-0

[Event "COL-ch Amateur"]
[Site "San Andres Islas"]
[Date "2013.03.16"]
[Round "6"]
[White "Corpus, Eugenio"]
[Black "Pena Mora, Carlos"]
[Result "1/2-1/2"]
[WhiteElo "1848"]
[BlackElo "1692"]
[PlyCount "26"]
[EventDate "2013.03.13"]
[EventType "swiss"]
[EventRounds "9"]
[EventCountry "COL"]
[SourceTitle "CBM 153 Extra"]
[Source "ChessBase"]
[SourceDate "2013.04.22"]
[SourceVersion "1"]
[SourceVersionDate "2013.04.22"]
[SourceQuality "1"]

1. b4 c6 2. Bb2 Qb6 3. a3 a5 4. Nc3 axb4 5. axb4 Rxa1 6. Qxa1 Qxb4 7. e4 e5 8. Nf3 d6 9. Bd3 Nf6 10. 0-0 Be7 11. Rb1 Qb6 12. Na4 Qc7 13. Bc3 b5 1/2-1/2

[Event "Bogota op 10"]
[Site "Bogota"]
[Date "2012.10.18"]
[Round "8"]
[White "Pachon Gutierrez, Adriana Paola"]
[Black "Corpus, Eugenio"]
[Result "1/2-1/2"]
[WhiteElo "2043"]
[BlackElo "1868"]
[PlyCount "47"]
[EventDate "2012.10.11"]
[EventType "swiss"]
[EventRounds "9"]
[EventCountry "COL"]
[SourceTitle "EXT 2013"]
[Source "ChessBase"]
[SourceDate "2012.11.22"]
[SourceVersion "1"]
[SourceVersionDate "2012.11.22"]
[SourceQuality "1"]

1. e4 e5 2. Nf3 Nc6 3. Bc4 Be7 4. Nc3 Nf6 5. d3 0-0 6. h3 d6 7. Be3 Na5 8. Bb3 Nxb3 9. axb3 a6 10. Qd2 d5 11. exd5 Nxd5 12. Nxd5 Qxd5 13. Ra5 b5 14. c4 Qe6 15. 0-0 Bb7 16. Nh2 f5 17. f4 Rad8 18. fxe5 Qxe5 19. d4 Qe4 20. Nf3 f4 21. Bf2 Qg6 22. d5 Bf6 23. Bc5 Rf7 24. Bd4 1/2-1/2

[Event "Bogota IRT op 08"]
[Site "Bogota"]
[Date "2012.08.19"]
[Round "5"]
[White "Ospina, Fredy Daniel"]
[Black "Corpus, Eugenio"]
[Result "0-1"]
[WhiteElo "1600"]
[BlackElo "1867"]
[PlyCount "74"]
[EventDate "2012.08.17"]
[EventType "swiss"]
[EventRounds "7"]
[EventCountry "COL"]
[SourceTitle "EXT 2013"]
[Source "ChessBase"]
[SourceDate "2012.11.22"]
[SourceVersion "1"]
[SourceVersionDate "2012.11.22"]
[SourceQuality "1"]

1. d4 Nf6 2. c4 e6 3. Nf3 d5 4. e3 Nbd7 5. Nc3 c6 6. Bd3 Be7 7. 0-0 0-0 8. Bd2 dxc4 9. Bxc4 b5 10. Bd3 Bb7 11. Rc1 a6 12. Bb1 c5 13. dxc5 Nxc5 14. b4 Nd3 15. Bxd3 Qxd3 16. Ne1 Qg6 17. Ne2 Rfd8 18. Nf4 Qh6 19. Qe2 Ne4 20. Nf3 Nxd2 21. Nxd2 Bxb4 22. Nf3 Bd6 23. Nh3 Qh5 24. e4 f6 25. Qe3 g5 26. Nd4 Re8 27. f4 gxf4 28. Nxf4 Qh6 29. g3 e5 30. Nf5 Qf8 31. Nh5 Bb8 32. Nh6+ Kh8 33. Kg2 Ba7 34. Qxa7 Rxa7 35. Rxf6 Bxe4+ 36. Kh3 Qe7 37. Rcf1 Bg6 0-1

[Event "Pan American-ch"]
[Site "Cartagena"]
[Date "2012.07.07"]
[Round "8"]
[White "Corpus, Eugenio"]
[Black "Lozano Ramirez, Nestor Favian"]
[Result "1/2-1/2"]
[WhiteElo "1859"]
[BlackElo "1991"]
[PlyCount "71"]
[EventDate "2012.07.04"]
[EventType "swiss"]
[EventRounds "9"]
[EventCountry "COL"]
[SourceTitle "CBM 149 Extra"]
[Source "ChessBase"]
[SourceDate "2012.08.24"]
[SourceVersion "1"]
[SourceVersionDate "2012.08.24"]
[SourceQuality "1"]

1. e4 g6 2. Nf3 Bg7 3. Bc4 c5 4. d4 cxd4 5. Nxd4 Qa5+ 6. Nc3 Qc5 7. Bxf7+ Kxf7 8. Be3 Qa5 9. Qf3+ Nf6 10. 0-0-0 d6 11. h3 Nc6 12. Nb3 Qd8 13. g4 Ke8 14. Qe2 Be6 15. Nc5 Bd7 16. Nb3 Rc8 17. f4 Qc7 18. g5 Nh5 19. Nd5 Qb8 20. Rhe1 Bxh3 21. Qf3 Be6 22. c3 Rf8 23. Kb1 Ne5 24. Qe2 Bxd5 25. exd5 Nc4 26. Bc5 Rf7 27. Qxc4 b5 28. Qe4 dxc5 29. d6 Rd8 30. Qc6+ Kf8 31. Rxe7 Rxe7 32. dxe7+ Kxe7 33. Re1+ Kf8 34. Nxc5 Kg8 35. Ne6 Re8 36. f5 1/2-1/2

[Event "Pan American-ch"]
[Site "Cartagena"]
[Date "2012.07.05"]
[Round "4"]
[White "Cuartas, Andres Mauricio"]
[Black "Corpus, Eugenio"]
[Result "0-1"]
[WhiteElo "1709"]
[BlackElo "1859"]
[PlyCount "72"]
[EventDate "2012.07.04"]
[EventType "swiss"]
[EventRounds "9"]
[EventCountry "COL"]
[SourceTitle "CBM 149 Extra"]
[Source "ChessBase"]
[SourceDate "2012.08.24"]
[SourceVersion "1"]
[SourceVersionDate "2012.08.24"]
[SourceQuality "1"]

1. e4 e5 2. Nf3 Nc6 3. Bb5 a6 4. Ba4 Nf6 5. 0-0 Nxe4 6. Re1 Nc5 7. Nxe5 Be7 8. Bxc6 dxc6 9. Qe2 Be6 10. c3 0-0 11. d4 Nd7 12. Nxf7 Rxf7 13. Qxe6 Nf8 14. Qg4 Ng6 15. Be3 Qd6 16. Nd2 Raf8 17. g3 c5 18. dxc5 Qc6 19. Qe4 Qb5 20. b4 Bf6 21. a4 Qd7 22. Qc2 Ne5 23. Kg2 Nd3 24. Re2 Qd5+ 25. Kg1 Nxb4 26. Qe4 a5 27. Bd4 Bxd4 28. cxd4 Qh5 29. Nc4 Nd5 30. Ra3 Qg5 31. Ne3 Nf4 32. Rc2 Nh3+ 33. Kg2 Nxf2 34. Qe6 Kh8 35. Raa2 Nd3 36. Re2 Nf4+ 0-1

[Event "Pan American-ch"]
[Site "Cartagena"]
[Date "2012.07.04"]
[Round "1"]
[White "Corpus, Eugenio"]
[Black "Petro, Manuel"]
[Result "1/2-1/2"]
[WhiteElo "1859"]
[BlackElo "1633"]
[PlyCount "50"]
[EventDate "2012.07.04"]
[EventType "swiss"]
[EventRounds "9"]
[EventCountry "COL"]
[SourceTitle "CBM 149 Extra"]
[Source "ChessBase"]
[SourceDate "2012.08.24"]
[SourceVersion "1"]
[SourceVersionDate "2012.08.24"]
[SourceQuality "1"]

1. e4 e6 2. d4 d5 3. Nd2 dxe4 4. Nxe4 Nd7 5. Nf3 Ngf6 6. Bd3 Be7 7. 0-0 0-0 8. c3 b6 9. Qc2 Bb7 10. Bg5 Bxe4 11. Bxe4 Nxe4 12. Bxe7 Qxe7 13. Qxe4 Nf6 14. Qe2 Rfd8 15. Ne5 Qd6 16. Rfe1 c5 17. Rad1 Qc7 18. Qf3 cxd4 19. Rxd4 Rxd4 20. Qxa8+ Rd8 21. Qf3 Qd6 22. Nc4 Qd5 23. Qe2 Qd3 24. Kf1 Kf8 25. Qxd3 Rxd3 1/2-1/2

[Event "Bogota op 02"]
[Site "Bogota"]
[Date "2012.02.26"]
[Round "6"]
[White "Corpus, Eugenio"]
[Black "Juez, Henry David"]
[Result "1-0"]
[WhiteElo "1789"]
[BlackElo "1976"]
[PlyCount "81"]
[EventDate "2012.02.23"]
[EventType "swiss"]
[EventRounds "7"]
[EventCountry "COL"]
[SourceTitle "CBM 147 Extra"]
[Source "ChessBase"]
[SourceDate "2012.04.24"]
[SourceVersion "1"]
[SourceVersionDate "2012.04.24"]
[SourceQuality "1"]

1. e4 e5 2. Nf3 Nc6 3. Bc4 Nf6 4. 0-0 Be7 5. d3 0-0 6. Nc3 d6 7. a3 Bg4 8. Be3 a6 9. Kh1 Qd7 10. Ne2 Nh5 11. c3 Bxf3 12. gxf3 Bh4 13. Rg1 Qh3 14. Ng3 Bxg3 15. fxg3 Ne7 16. d4 Ng6 17. Bf1 Qe6 18. d5 Qd7 19. Bd2 Nf6 20. Bg2 c5 21. a4 b5 22. b3 Rfb8 23. a5 h6 24. Qf1 Nh7 25. Bh3 Qc7 26. f4 exf4 27. gxf4 Qe7 28. Re1 Re8 29. f5 Ne5 30. Bxh6 g6 31. fxg6 Nxg6 32. Bf5 Nhf8 33. Bxf8 Rxf8 34. Qg2 Kh8 35. Re3 Rg8 36. Rg3 Qf6 37. Bxg6 Rxg6 38. Rxg6 fxg6 39. Qxg6 Qf3+ 40. Qg2 Qxc3 41. e5 1-0

[Event "Bogota McGregor op 1st"]
[Site "Bogota"]
[Date "2010.12.08"]
[Round "7"]
[White "Corpus, Eugenio"]
[Black "Bermudez Barrera, Eduardo"]
[Result "1-0"]
[WhiteElo "1788"]
[BlackElo "2101"]
[PlyCount "65"]
[EventDate "2010.12.03"]
[EventType "swiss"]
[EventRounds "10"]
[EventCountry "COL"]
[SourceTitle "CBM 139 Extra"]
[Source "ChessBase"]
[SourceDate "2011.01.05"]
[SourceVersion "1"]
[SourceVersionDate "2011.01.05"]
[SourceQuality "1"]

1. e4 Nf6 2. e5 Nd5 3. d4 Nb6 4. f4 d6 5. Nf3 g6 6. Be3 Bg7 7. Nbd2 Nd5 8. Qe2 Nxe3 9. Qxe3 0-0 10. h4 Bf5 11. 0-0-0 Na6 12. c3 c5 13. d5 Qa5 14. Bc4 b5 15. Bb3 c4 16. Bc2 Bxc2 17. Kxc2 Nc5 18. Kb1 b4 19. Nxc4 Qb5 20. b3 bxc3 21. Qxc3 a5 22. Nd4 Qa6 23. h5 Rfb8 24. hxg6 hxg6 25. Nc6 Rb7 26. Qxa5 Qxa5 27. N6xa5 Rb5 28. Nc6 Ne4 29. Rd4 dxe5 30. fxe5 Nc3+ 31. Kb2 Nxd5 32. Rxd5 Rxd5 33. Nxe7+ 1-0

[Event "Bogota McGregor op 1st"]
[Site "Bogota"]
[Date "2010.12.08"]
[Round "9"]
[White "Corpus, Eugenio"]
[Black "Soste, Victor Julio"]
[Result "0-1"]
[WhiteElo "1788"]
[BlackElo "2035"]
[PlyCount "47"]
[EventDate "2010.12.03"]
[EventType "swiss"]
[EventRounds "10"]
[EventCountry "COL"]
[SourceTitle "CBM 139 Extra"]
[Source "ChessBase"]
[SourceDate "2011.01.05"]
[SourceVersion "1"]
[SourceVersionDate "2011.01.05"]
[SourceQuality "1"]

1. e4 Nf6 2. e5 Nd5 3. d4 d6 4. f4 g6 5. Nf3 Bg7 6. Bd3 c6 7. c3 e6 8. Qe2 a6 9. Na3 b5 10. Bd2 Bb7 11. Nc2 Nb6 12. Ng5 d5 13. Ne3 h6 14. Nf3 h5 15. Ng5 Bc8 16. Bb1 Nc4 17. Nxc4 bxc4 18. Bc2 Qb6 19. Rb1 c5 20. Be3 cxd4 21. Bxd4 Qa5 22. a3 Nc6 23. Nf3 Nxd4 24. Nxd4 0-1

[Event "Bogota McGregor op 1st"]
[Site "Bogota"]
[Date "2010.12.07"]
[Round "8"]
[White "Laverde, Luis Eduardo"]
[Black "Corpus, Eugenio"]
[Result "1-0"]
[WhiteElo "2134"]
[BlackElo "1788"]
[PlyCount "61"]
[EventDate "2010.12.03"]
[EventType "swiss"]
[EventRounds "10"]
[EventCountry "COL"]
[SourceTitle "CBM 139 Extra"]
[Source "ChessBase"]
[SourceDate "2011.01.05"]
[SourceVersion "1"]
[SourceVersionDate "2011.01.05"]
[SourceQuality "1"]

1. e4 e5 2. Nf3 Nc6 3. Bb5 a6 4. Ba4 Nf6 5. 0-0 Be7 6. Re1 b5 7. Bb3 d6 8. c3 0-0 9. h3 Na5 10. Bc2 c5 11. d4 Qc7 12. Bg5 Nc6 13. d5 Nb8 14. Nbd2 Nbd7 15. Nf1 Re8 16. Ng3 Nf8 17. a4 Rb8 18. axb5 axb5 19. Qd2 Bd7 20. Nf5 Bxf5 21. exf5 Qb7 22. Bxf6 Bxf6 23. g4 Ra8 24. g5 Be7 25. Rad1 Kh8 26. Kh2 Ra2 27. Bb1 Ra5 28. Be4 Rea8 29. Kg3 b4 30. c4 Qa6 31. Qd3 1-0